| 000 | 00393nam a2200133Ia 4500 | ||
|---|---|---|---|
| 008 | 200626s9999 xx 000 0 und d | ||
| 020 | _a0-340-74941-5 | ||
| 100 | _aCeserani, Victor | ||
| 245 |
_cVictor Ceserani, Ronald Kinton, David Foskett.-- _aPractical Cookery/ |
||
| 250 | _a9th ed. | ||
| 260 |
_aLondon: _bHodder & Stoughton _c2000 |
||
| 300 | _aix, 598 pages | ||
| 500 | _aIncludes Index | ||
| 999 |
_c363827 _d363827 |
||